000 00355pam a2200157a 44500
008 230515b2004 xxu||||| |||| 00| 0 eng d
020 _aNULL
041 _aENG
082 _a611
100 _aChaurasia B D
245 _aB D chaurasias Human Anatomy vol 3
250 _a4th
260 _aNULL
_b"C B S, nd, "
_c2004
300 _a415
650 _aNULL
999 _c523509
_d523509